[Event "HUN-chT2 Asztalos 1415"]
[Site "Hungary"]
[Date "2014.11.30"]
[Round "3.1"]
[White "Veress, Robert"]
[Black "Kiss, Viktor"]
[Result "1-0"]
[WhiteElo "2189"]
[BlackElo "2227"]
[PlyCount "75"]
[EventDate "2014.10.12"]
[EventType "team-tourn"]
[EventRounds "9"]
[EventCountry "HUN"]
[SourceTitle "EXT 2016"]
[Source "ChessBase"]
[SourceDate "2015.10.08"]
[SourceVersion "1"]
[SourceVersionDate "2015.10.08"]
[SourceQuality "1"]
[WhiteTeam "Kaposvar Bastya"]
[BlackTeam "Fehervar"]
[WhiteTeamCountry "HUN"]
[BlackTeamCountry "HUN"]

1. d4 Nf6 2. c4 g6 3. Nc3 d5 4. Nf3 Bg7 5. Bf4 c5 6. dxc5 Qa5 7. cxd5 Nxd5 8. Qxd5 Bxc3+ 9. Bd2 Be6 10. Qxb7 Bxd2+ 11. Nxd2 0-0 12. b4 Qa4 13. e3 Rd8 14. a3 Qc2 15. Rd1 Bd5 16. Qxe7 Nc6 17. Qf6 Re8 18. Bb5 Re6 19. Qg5 Re5 20. Qg3 f6 21. f4 Re7 22. 0-0 a6 23. e4 axb5 24. exd5 Nd4 25. Qf2 Ne2+ 26. Kh1 Nc3 27. Rc1 Qd3 28. d6 Re3 29. Rfe1 Rxe1+ 30. Qxe1 Ne2 31. Rd1 Nc3 32. Rc1 Ne2 33. Rd1 Nc3 34. Ra1 Ne2 35. Nf3 Nxf4 36. Rd1 Qf5 37. d7 Ne6 38. d8Q+ 1-0

[Event "HUN-chT2 Asztalos 1314"]
[Site "Hungary"]
[Date "2013.09.08"]
[Round "1.1"]
[White "Havasi, Gergo"]
[Black "Kiss, Viktor"]
[Result "1/2-1/2"]
[WhiteElo "2166"]
[BlackElo "2231"]
[PlyCount "78"]
[EventDate "2013.09.08"]
[EventType "team-tourn"]
[EventRounds "9"]
[EventCountry "HUN"]
[SourceTitle "EXT 2016"]
[Source "ChessBase"]
[SourceDate "2015.10.08"]
[SourceVersion "1"]
[SourceVersionDate "2015.10.08"]
[SourceQuality "1"]
[WhiteTeam "MAV Elore"]
[BlackTeam "Fehervar"]
[WhiteTeamCountry "HUN"]
[BlackTeamCountry "HUN"]

1. e4 c6 2. d4 d5 3. Nc3 h6 4. Nf3 Bg4 5. h3 Bxf3 6. Qxf3 dxe4 7. Qxe4 Nf6 8. Qd3 e6 9. Bd2 Bd6 10. g3 Nbd7 11. Bg2 Qc7 12. 0-0 0-0 13. Ne4 Nxe4 14. Qxe4 Rfe8 15. Qg4 Kh7 16. Qf3 Kg8 17. Qb3 Qb6 18. Be3 Nf6 19. c4 Qc7 20. Rfd1 Rad8 21. a4 Rd7 22. a5 Ra8 23. a6 b6 24. c5 bxc5 25. dxc5 Be5 26. Rxd7 Qxd7 27. Ra4 Nd5 28. Bd4 Rb8 29. Qc2 Bxd4 30. Rxd4 Qc8 31. Qe2 Qc7 32. Qd2 Rb3 33. Bxd5 exd5 34. Rb4 Rxb4 35. Qxb4 Qe5 36. Qb7 Qe1+ 37. Kg2 Qe4+ 38. Kg1 Qe1+ 39. Kg2 Qe4+ 1/2-1/2

[Event "HUN-chT2 Charousek 1213"]
[Site "Hungary"]
[Date "2013.02.17"]
[Round "7"]
[White "Kiss, Viktor"]
[Black "Horvath, Adam"]
[Result "0-1"]
[WhiteElo "2218"]
[BlackElo "2495"]
[PlyCount "56"]
[EventDate "2012.09.16"]
[EventType "team-tourn"]
[EventRounds "11"]
[EventCountry "HUN"]
[SourceTitle "EXT 2014"]
[Source "ChessBase"]
[SourceDate "2013.11.20"]
[SourceVersion "1"]
[SourceVersionDate "2013.11.20"]
[SourceQuality "1"]
[WhiteTeam "Fehervar"]
[BlackTeam "Csuti"]
[WhiteTeamCountry "HUN"]
[BlackTeamCountry "HUN"]

1. e4 c5 2. Nf3 e6 3. d4 cxd4 4. Nxd4 a6 5. Bd3 Bc5 6. Nb3 Be7 7. c4 d6 8. Nc3 Nf6 9. 0-0 b6 10. Be3 Bb7 11. Qe2 0-0 12. Rfd1 Qc7 13. Rac1 Nbd7 14. f3 Rfe8 15. Qf2 Rac8 16. Nd4 Qb8 17. b3 Bd8 18. Kh1 Bc7 19. Qh4 Ne5 20. Bb1 Ng6 21. Qh3 d5 22. exd5 exd5 23. Nf5 Rxe3 24. Nxe3 Bf4 25. Nexd5 Nxd5 26. cxd5 Bxc1 27. Rxc1 Qf4 28. Re1 Qd2 0-1

[Event "HUN-chT2 Charousek 1112"]
[Site "Hungary"]
[Date "2012.04.22"]
[Round "9"]
[White "Kiss, Viktor"]
[Black "Krizsany, Laszlo"]
[Result "0-1"]
[WhiteElo "2214"]
[BlackElo "2455"]
[PlyCount "84"]
[EventDate "2011.09.25"]
[EventType "team-tourn"]
[EventRounds "11"]
[EventCountry "HUN"]
[SourceTitle "EXT 2013"]
[Source "ChessBase"]
[SourceDate "2012.11.22"]
[SourceVersion "1"]
[SourceVersionDate "2012.11.22"]
[SourceQuality "1"]
[WhiteTeam "Fehervar"]
[BlackTeam "Budapest MTK"]
[WhiteTeamCountry "HUN"]
[BlackTeamCountry "HUN"]

1. e4 b6 2. d4 Bb7 3. Bg5 Bxe4 4. d5 c6 5. c4 h6 6. Bh4 g5 7. Nc3 Nf6 8. Bg3 Bg7 9. h4 Bg6 10. Bd3 Bxd3 11. Qxd3 b5 12. Rd1 Qa5 13. d6 b4 14. Ne4 Nxe4 15. Qxe4 e6 16. Kf1 f5 17. Qe2 g4 18. b3 0-0 19. f4 Na6 20. Qc2 Nc5 21. Ne2 Ne4 22. Be1 Qc5 23. Ng3 e5 24. Nxe4 fxe4 25. f5 Rxf5+ 26. Ke2 Raf8 27. Qxe4 Rf2+ 28. Bxf2 Qxf2+ 29. Kd3 Qxa2 30. Rhf1 Qxb3+ 31. Ke2 Rxf1 32. Rxf1 Qb2+ 33. Ke1 b3 34. h5 Qc3+ 35. Ke2 b2 36. Qg6 Qxc4+ 37. Ke1 e4 38. Qe8+ Kh7 39. Qg6+ Kh8 40. Qe8+ Qg8 41. Qxe4 Qe6 42. Qxe6 b1Q+ 0-1

[Event "HUN-chT2 Charousek 1112"]
[Site "Hungary"]
[Date "2011.11.27"]
[Round "4"]
[White "Istvanovszky, Martin"]
[Black "Kiss, Viktor"]
[Result "1/2-1/2"]
[WhiteElo "2311"]
[BlackElo "2214"]
[PlyCount "170"]
[EventDate "2011.09.25"]
[EventType "team-tourn"]
[EventRounds "11"]
[EventCountry "HUN"]
[SourceTitle "EXT 2013"]
[Source "ChessBase"]
[SourceDate "2012.11.22"]
[SourceVersion "1"]
[SourceVersionDate "2012.11.22"]
[SourceQuality "1"]
[WhiteTeam "Penzugyor II"]
[BlackTeam "Fehervar"]
[WhiteTeamCountry "HUN"]
[BlackTeamCountry "HUN"]

1. e4 c6 2. d4 d5 3. e5 Qa5+ 4. c3 Bf5 5. Nd2 e6 6. Ngf3 Nd7 7. Be2 f6 8. 0-0 Qc7 9. Re1 fxe5 10. dxe5 c5 11. Nh4 Ne7 12. Ndf3 h6 13. Nxf5 Nxf5 14. Bd3 Ne7 15. c4 0-0-0 16. cxd5 Nxd5 17. Qe2 g5 18. Bd2 Be7 19. Rac1 Kb8 20. Nd4 Qb6 21. Nb3 Nf4 22. Bxf4 gxf4 23. Qe4 c4 24. Qxc4 Nc5 25. Nxc5 Bxc5 26. Qxc5 Qxc5 27. Rxc5 Rxd3 28. Rc2 Rhd8 29. f3 Rd2 30. Re2 Rd1+ 31. Kf2 Ra1 32. Rc4 Rf8 33. a4 Rd1 34. Rce4 Rd3 35. Rc2 Rf5 36. b4 Rd5 37. Rce2 Rd3 38. b5 Kc7 39. h4 h5 40. Kg1 Kb6 41. Rc4 Rd1+ 42. Kh2 Rf8 43. Ree4 Rd2 44. Rcd4 Ra2 45. Re1 Ka5 46. Rd7 Rg8 47. Rg1 Kxa4 48. Rxb7 Re2 49. b6 a5 50. Ra7 Rb2 51. b7 Rb8 52. Ra1+ Kb3 53. R1xa5 Kc3 54. Rc5+ Kd4 55. Rc8 R8xb7 56. Rxb7 Rxb7 57. Rh8 Kxe5 58. Rxh5+ Kf6 59. Rh6+ Kf5 60. Rh8 Rg7 61. h5 Kf6 62. Kg1 Rc7 63. h6 Kg6 64. Rf8 e5 65. Re8 Kxh6 66. Rxe5 Kg6 67. Ra5 Kf6 68. Rh5 Kg6 69. Rh8 Kf5 70. Kh2 Rg7 71. Rf8+ Kg5 72. g3 fxg3+ 73. Kxg3 Ra7 74. Rb8 Ra3 75. Rb5+ Kf6 76. Kg4 Ra1 77. Rb6+ Kf7 78. f4 Ra5 79. Rh6 Rb5 80. Rc6 Ra5 81. Kf3 Ra4 82. Kg4 Ra5 83. Rc4 Kf6 84. f5 Ra1 85. Rc6+ Kf7 1/2-1/2

[Event "HUN-chT2 Charousek 1112"]
[Site "Hungary"]
[Date "2011.10.30"]
[Round "2"]
[White "Budai, David"]
[Black "Kiss, Viktor"]
[Result "1/2-1/2"]
[WhiteElo "2289"]
[BlackElo "2214"]
[PlyCount "46"]
[EventDate "2011.09.25"]
[EventType "team-tourn"]
[EventRounds "11"]
[EventCountry "HUN"]
[SourceTitle "EXT 2013"]
[Source "ChessBase"]
[SourceDate "2012.11.22"]
[SourceVersion "1"]
[SourceVersionDate "2012.11.22"]
[SourceQuality "1"]
[WhiteTeam "Veszprem"]
[BlackTeam "Fehervar"]
[WhiteTeamCountry "HUN"]
[BlackTeamCountry "HUN"]

1. d4 Nf6 2. Nf3 g6 3. c4 Bg7 4. g3 c6 5. Bg2 d5 6. cxd5 cxd5 7. 0-0 0-0 8. Ne5 e6 9. Nc3 Nfd7 10. Nf3 Nf6 11. b3 a6 12. a4 b6 13. Ba3 Re8 14. Rc1 Bb7 15. Ne5 Bf8 16. Bxf8 Rxf8 17. b4 Qd6 18. Qb3 Nc6 19. Nxc6 Bxc6 20. b5 Bb7 21. bxa6 Bxa6 22. Nb5 Bxb5 23. axb5 Rfc8 1/2-1/2

[Event "HUN-chT2 Asztalos 1011"]
[Site "Hungary"]
[Date "2010.10.24"]
[Round "4.1"]
[White "Kiss, Viktor"]
[Black "Drinoczi, Peter"]
[Result "1-0"]
[WhiteElo "2216"]
[BlackElo "2125"]
[PlyCount "57"]
[EventDate "2010.09.12"]
[EventType "team-tourn"]
[EventRounds "11"]
[EventCountry "HUN"]
[SourceTitle "EXT 2012"]
[Source "ChessBase"]
[SourceDate "2011.11.24"]
[SourceVersion "1"]
[SourceVersionDate "2011.11.24"]
[SourceQuality "1"]
[WhiteTeam "Fehervar"]
[BlackTeam "Pannonpower II"]
[WhiteTeamCountry "HUN"]
[BlackTeamCountry "HUN"]

1. e4 d6 2. d4 g6 3. Nc3 Bg7 4. g3 Nf6 5. Bg2 0-0 6. Nge2 Nc6 7. h3 e5 8. Be3 Nh5 9. Qd2 b5 10. Nxb5 Rb8 11. c4 a6 12. Nbc3 Rxb2 13. Qxb2 exd4 14. Nxd4 Bxd4 15. Bxd4 Nxd4 16. Ne2 Nc6 17. 0-0 Be6 18. Qc3 Ne5 19. c5 Bc4 20. Rfe1 Bxe2 21. Rxe2 g5 22. Rd1 Qf6 23. cxd6 cxd6 24. Red2 Rd8 25. Qc7 Rd7 26. Qc8+ Kg7 27. Qxa6 Nf3+ 28. Bxf3 Qxf3 29. Qe2 1-0

[Event "HUN-chT2 Charousek 0910"]
[Site "Hungary"]
[Date "2010.04.18"]
[Round "10"]
[White "Rachela, Milan"]
[Black "Kiss, Viktor"]
[Result "1-0"]
[WhiteElo "2346"]
[BlackElo "2192"]
[PlyCount "63"]
[EventDate "2009.11.08"]
[EventType "team-tourn"]
[EventRounds "11"]
[EventCountry "HUN"]
[SourceTitle "EXT 2011"]
[Source "ChessBase"]
[SourceDate "2010.11.26"]
[SourceVersion "1"]
[SourceVersionDate "2010.11.26"]
[SourceQuality "1"]
[WhiteTeam "Haladas II"]
[BlackTeam "Fehervar"]
[WhiteTeamCountry "HUN"]
[BlackTeamCountry "HUN"]

1. Nf3 Nf6 2. c4 c5 3. Nc3 d5 4. cxd5 Nxd5 5. e4 Nxc3 6. dxc3 Qxd1+ 7. Kxd1 g6 8. Be3 b6 9. Ne5 Bg7 10. Bb5+ Bd7 11. Nxd7 Nxd7 12. Ke2 0-0-0 13. a4 Kb7 14. a5 Ne5 15. b4 Ng4 16. bxc5 Nxe3 17. axb6 axb6 18. c6+ Kc7 19. Ra7+ Kd6 20. fxe3 Kc5 21. c7 Rc8 22. Bd7 Be5 23. Bxc8 Rxc8 24. Rd1 Kc6 25. Rd8 Rxc7 26. Rxc7+ Kxc7 27. Rf8 f6 28. Rf7 Kd6 29. Rxh7 Bxc3 30. h4 Be5 31. g4 b5 32. Kd3 1-0

[Event "HUN-chT2 Charousek 0910"]
[Site "Hungary"]
[Date "2009.11.08"]
[Round "1"]
[White "Gruskovnjak, Tomislav"]
[Black "Kiss, Viktor"]
[Result "1/2-1/2"]
[WhiteElo "2361"]
[BlackElo "2192"]
[PlyCount "60"]
[EventDate "2009.11.08"]
[EventType "team-tourn"]
[EventRounds "11"]
[EventCountry "HUN"]
[SourceTitle "EXT 2011"]
[Source "ChessBase"]
[SourceDate "2010.11.26"]
[SourceVersion "1"]
[SourceVersionDate "2010.11.26"]
[SourceQuality "1"]
[WhiteTeam "Alsoszolnok"]
[BlackTeam "Fehervar"]
[WhiteTeamCountry "HUN"]
[BlackTeamCountry "HUN"]

1. d4 Nf6 2. c4 g6 3. g3 c6 4. Bg2 d5 5. Nf3 Bg7 6. 0-0 0-0 7. Nbd2 Bf5 8. Qb3 Qb6 9. c5 Qxb3 10. Nxb3 Bc2 11. Bf4 Bxb3 12. axb3 Re8 13. Ra4 Nfd7 14. Rfa1 a6 15. Rb4 Ra7 16. Bc7 h6 17. e3 Rc8 18. Ba5 Re8 19. Bc7 Rc8 20. Ba5 Re8 21. Bf1 e5 22. Bc7 e4 23. Nd2 Rc8 24. Ba5 Nf8 25. Nb1 Ne6 26. Nc3 f5 27. Bb6 Ra8 28. Ba5 Ra7 29. Bb6 Ra8 30. Ba5 Ra7 1/2-1/2

[Event "HUN-chT2 Asztalos 0809"]
[Site "Hungary"]
[Date "2009.02.22"]
[Round "8"]
[White "Kiss, Lajos"]
[Black "Kiss, Viktor"]
[Result "1/2-1/2"]
[WhiteElo "2261"]
[BlackElo "2171"]
[PlyCount "64"]
[EventDate "2008.10.26"]
[EventType "team-tourn"]
[EventRounds "11"]
[EventCountry "HUN"]
[SourceTitle "EXT 2010"]
[Source "ChessBase"]
[SourceDate "2010.11.25"]
[SourceVersion "1"]
[SourceVersionDate "2010.11.25"]
[SourceQuality "1"]
[WhiteTeam "Szekszard/Decs II"]
[BlackTeam "Fehervar"]
[WhiteTeamCountry "HUN"]
[BlackTeamCountry "HUN"]

1. d4 Nf6 2. Nc3 d5 3. Bg5 g6 4. Bxf6 exf6 5. e3 Bg7 6. g3 c6 7. Bg2 0-0 8. Nge2 Re8 9. 0-0 f5 10. Nb1 Qb6 11. Qc1 Be6 12. Nd2 Nd7 13. Nf4 Nf6 14. c4 dxc4 15. Nxc4 Bxc4 16. Qxc4 Ne4 17. Rfd1 Rad8 18. b4 Qc7 19. Rac1 Qe7 20. Nd3 h5 21. Bxe4 fxe4 22. Nc5 h4 23. Kg2 Qf6 24. Qe2 Bf8 25. Qg4 Bxc5 26. Rxc5 h3+ 27. Kg1 Qe6 28. Qxe6 Rxe6 29. Kf1 f5 30. Ke2 Kg7 31. Rdc1 Rd7 32. a4 Kf6 1/2-1/2

[Event "HUN-chT2 Asztalos 0809"]
[Site "Hungary"]
[Date "2009.02.08"]
[Round "7"]
[White "Kiss, Viktor"]
[Black "Javor, Sandor"]
[Result "0-1"]
[WhiteElo "2171"]
[BlackElo "2279"]
[PlyCount "98"]
[EventDate "2008.10.26"]
[EventType "team-tourn"]
[EventRounds "11"]
[EventCountry "HUN"]
[SourceTitle "EXT 2010"]
[Source "ChessBase"]
[SourceDate "2010.11.25"]
[SourceVersion "1"]
[SourceVersionDate "2010.11.25"]
[SourceQuality "1"]
[WhiteTeam "Fehervar"]
[BlackTeam "Baja"]
[WhiteTeamCountry "HUN"]
[BlackTeamCountry "HUN"]

1. e4 c6 2. d4 d5 3. Nc3 e6 4. Nf3 f5 5. exf5 exf5 6. Bg5 Be7 7. Qe2 Kf8 8. h4 Bxg5 9. hxg5 Qe7 10. Ne5 Qxg5 11. Rh5 Qf6 12. 0-0-0 g6 13. Rh3 Nd7 14. Re3 Nxe5 15. Rxe5 Bd7 16. Re1 b5 17. g3 h6 18. Bg2 Rh7 19. Kb1 Rd8 20. Qd2 Re8 21. f4 Qd6 22. Ne2 Nf6 23. Nc1 Ng4 24. Rxe8+ Bxe8 25. Bf3 Nf6 26. Nd3 Nd7 27. Qh2 a5 28. Ne5 Nxe5 29. Rxe5 Bf7 30. Qd2 a4 31. Qh2 Kg7 32. g4 fxg4 33. Bxg4 Rh8 34. Qe2 Rf8 35. a3 Qf6 36. Qe3 Qd6 37. Re7 Kf6 38. Re5 Kg7 39. Re7 Kf6 40. Re5 b4 41. axb4 Qxb4 42. Re6+ Kg7 43. Qe5+ Kg8 44. Rxc6 a3 45. b3 Qb5 46. Re6 Qf1+ 47. Qe1 Qxf4 48. Bh3 Qxd4 49. Qe5 a2+ 0-1

[Event "HUN-chT2 Asztalos 0809"]
[Site "Hungary"]
[Date "2009.01.25"]
[Round "6"]
[White "Kele, Karoly"]
[Black "Kiss, Viktor"]
[Result "1/2-1/2"]
[WhiteElo "2139"]
[BlackElo "2171"]
[PlyCount "54"]
[EventDate "2008.10.26"]
[EventType "team-tourn"]
[EventRounds "11"]
[EventCountry "HUN"]
[SourceTitle "EXT 2010"]
[Source "ChessBase"]
[SourceDate "2010.11.25"]
[SourceVersion "1"]
[SourceVersionDate "2010.11.25"]
[SourceQuality "1"]
[WhiteTeam "Pannonpower II"]
[BlackTeam "Fehervar"]
[WhiteTeamCountry "HUN"]
[BlackTeamCountry "HUN"]

1. e4 c6 2. d4 d5 3. Nd2 dxe4 4. Nxe4 Bf5 5. Ng3 Bg6 6. h4 h6 7. Nf3 Nd7 8. h5 Bh7 9. Bd3 Bxd3 10. Qxd3 Qc7 11. Bd2 e6 12. 0-0-0 Bd6 13. Ne4 Ngf6 14. Nxd6+ Qxd6 15. g3 b5 16. Bf4 Qd5 17. Qb3 0-0 18. Ne5 Qxb3 19. axb3 Nxe5 20. Bxe5 Nd5 21. c4 Nb6 22. c5 Nd5 23. Kd2 Rfd8 24. Ra1 a5 25. Ra3 Rd7 26. Rha1 Rda7 27. g4 f6 1/2-1/2

[Event "HUN-chT2 Asztalos 0809"]
[Site "Hungary"]
[Date "2008.12.21"]
[Round "4"]
[White "Mohacsi, Andras J"]
[Black "Kiss, Viktor"]
[Result "1/2-1/2"]
[WhiteElo "2220"]
[BlackElo "2171"]
[PlyCount "34"]
[EventDate "2008.10.26"]
[EventType "team-tourn"]
[EventRounds "11"]
[EventCountry "HUN"]
[SourceTitle "EXT 2010"]
[Source "ChessBase"]
[SourceDate "2010.11.25"]
[SourceVersion "1"]
[SourceVersionDate "2010.11.25"]
[SourceQuality "1"]
[WhiteTeam "Dunaujvaros"]
[BlackTeam "Fehervar"]
[WhiteTeamCountry "HUN"]
[BlackTeamCountry "HUN"]

1. e4 c6 2. d4 d5 3. Nc3 dxe4 4. Nxe4 Bf5 5. Ng3 Bg6 6. Nf3 Nd7 7. h4 h6 8. h5 Bh7 9. Bd3 Bxd3 10. Qxd3 Qc7 11. Bd2 e6 12. 0-0-0 Bd6 13. Ne4 Ngf6 14. Nxd6+ Qxd6 15. Rh4 b5 16. Kb1 Qd5 17. Re1 a5 1/2-1/2

[Event "HUN-chT2 Asztalos 0708"]
[Site "Hungary"]
[Date "2008.05.18"]
[Round "11"]
[White "Balazs, Gabor"]
[Black "Kiss, Viktor"]
[Result "1-0"]
[WhiteElo "2076"]
[BlackElo "2168"]
[PlyCount "73"]
[EventDate "2007.10.14"]
[EventType "team"]
[EventRounds "11"]
[EventCountry "HUN"]
[SourceTitle "EXT 2009"]
[Source "ChessBase"]
[SourceDate "2008.11.26"]
[SourceVersion "1"]
[SourceVersionDate "2008.11.26"]
[SourceQuality "1"]
[WhiteTeam "Paks ASE"]
[BlackTeam "Fehervar"]
[WhiteTeamCountry "HUN"]
[BlackTeamCountry "HUN"]

1. d4 Nf6 2. c4 g6 3. Nc3 d5 4. cxd5 Nxd5 5. Bd2 Bg7 6. e4 Nxc3 7. Bxc3 0-0 8. Qc2 c5 9. d5 e5 10. Nf3 Qd6 11. b4 b6 12. Qb2 Na6 13. Bxa6 Bxa6 14. b5 Bb7 15. 0-0 Rae8 16. Nd2 Qe7 17. Nc4 f5 18. f3 Qh4 19. g3 Qe7 20. Rad1 fxe4 21. fxe4 Bc8 22. Rxf8+ Rxf8 23. Bxe5 Bxe5 24. Qxe5 Qf7 25. Qf4 Qd7 26. Qe3 Qxb5 27. Nd6 Qa4 28. Qb3 Qa6 29. Nxc8 Qxc8 30. d6+ c4 31. Qb5 Qe6 32. Rd4 c3 33. Qc4 Kf7 34. Qxc3 Qxa2 35. d7 Qb1+ 36. Kg2 Qa2+ 37. Rd2 1-0

[Event "HUN-chT2 Asztalos 0708"]
[Site "Hungary"]
[Date "2007.12.09"]
[Round "4"]
[White "Paszler, Jozsef"]
[Black "Kiss, Viktor"]
[Result "0-1"]
[WhiteElo "2244"]
[BlackElo "2168"]
[PlyCount "62"]
[EventDate "2007.10.14"]
[EventType "team"]
[EventRounds "11"]
[EventCountry "HUN"]
[SourceTitle "EXT 2009"]
[Source "ChessBase"]
[SourceDate "2008.11.26"]
[SourceVersion "1"]
[SourceVersionDate "2008.11.26"]
[SourceQuality "1"]
[WhiteTeam "Szekszard"]
[BlackTeam "Fehervar"]
[WhiteTeamCountry "HUN"]
[BlackTeamCountry "HUN"]

1. e4 c6 2. Nc3 d5 3. Qf3 dxe4 4. Nxe4 Nf6 5. Bc4 Nbd7 6. d4 Nb6 7. Nxf6+ exf6 8. Qe4+ Be7 9. Bd3 f5 10. Qe2 0-0 11. Nf3 Bb4+ 12. c3 Re8 13. Be3 Bd6 14. g3 Nd5 15. Rg1 Qa5 16. Qd2 f4 17. gxf4 Bxf4 18. Ne5 Nxe3 19. fxe3 Bxe5 20. dxe5 Qxe5 21. Rg3 Be6 22. Qc2 g6 23. 0-0-0 Bd5 24. b3 Rad8 25. Kb2 b5 26. Kb1 a5 27. Rdg1 a4 28. e4 axb3 29. axb3 Bxe4 30. Bxe4 Qxe4 31. Qxe4 Rxe4 0-1

[Event "HUN-chT2 Asztalos 0708"]
[Site "Hungary"]
[Date "2007.11.25"]
[Round "3"]
[White "Kiss, Viktor"]
[Black "Arato, Bela"]
[Result "1-0"]
[WhiteElo "2168"]
[BlackElo "2140"]
[PlyCount "113"]
[EventDate "2007.10.14"]
[EventType "team"]
[EventRounds "11"]
[EventCountry "HUN"]
[SourceTitle "EXT 2009"]
[Source "ChessBase"]
[SourceDate "2008.11.26"]
[SourceVersion "1"]
[SourceVersionDate "2008.11.26"]
[SourceQuality "1"]
[WhiteTeam "Fehervar"]
[BlackTeam "Mohacs"]
[WhiteTeamCountry "HUN"]
[BlackTeamCountry "HUN"]

1. e4 c5 2. Nf3 Nc6 3. Bb5 g6 4. 0-0 Bg7 5. c3 Nf6 6. Re1 0-0 7. d4 cxd4 8. cxd4 d5 9. e5 Ne4 10. Bxc6 bxc6 11. Nfd2 Nxd2 12. Nxd2 f6 13. e6 Qd6 14. Qe2 f5 15. Nb3 f4 16. Bd2 a5 17. Bxa5 f3 18. Qd2 Rxa5 19. Nxa5 Rf4 20. Rac1 Rxd4 21. Qe3 c5 22. Nb3 Rg4 23. Qxf3 Rf4 24. Qe3 d4 25. Qd2 Rh4 26. g3 Bh6 27. Qa5 Bxc1 28. Rxc1 Rh5 29. Qa8 Qxe6 30. Nxc5 Qh3 31. Qg2 Qg4 32. Nd3 Qd7 33. Qa8 Kg7 34. Qxc8 Qb5 35. Nf4 Re5 36. Ne6+ Kf7 37. Nxd4 Qxb2 38. Qc4+ Kg7 39. Ne6+ Rxe6 40. Qxe6 Qxc1+ 41. Kg2 Qa3 42. Qd5 h5 43. h4 Qb4 44. Qa8 e5 45. Qa7+ Kf6 46. a4 Qc4 47. Kh2 Qe2 48. Qb6+ Kg7 49. Qe3 Qb2 50. a5 e4 51. a6 Qa2 52. a7 Kh7 53. Kg2 Qd5 54. Kh2 Qa2 55. Qc5 Kg7 56. Kg2 Qa1 57. Qe7+ 1-0

[Event "HUN-chT2 Asztalos 0607"]
[Site "Hungary"]
[Date "2007.04.29"]
[Round "9"]
[White "Kiss, Viktor"]
[Black "Mihalecz, Attila"]
[Result "1/2-1/2"]
[WhiteElo "2145"]
[BlackElo "2101"]
[PlyCount "33"]
[EventDate "2006.11.12"]
[EventType "team"]
[EventRounds "11"]
[EventCountry "HUN"]
[SourceTitle "EXT 2008"]
[Source "ChessBase"]
[SourceDate "2007.11.25"]
[SourceVersion "1"]
[SourceVersionDate "2007.11.25"]
[SourceQuality "1"]
[WhiteTeam "Varga Mafry"]
[BlackTeam "Koppany"]
[WhiteTeamCountry "HUN"]
[BlackTeamCountry "HUN"]

1. e4 d6 2. d4 Nf6 3. Nc3 Nbd7 4. f4 e5 5. Nf3 exd4 6. Qxd4 Be7 7. Be3 0-0 8. Be2 Ng4 9. 0-0-0 c6 10. h3 Bf6 11. Qd2 Nxe3 12. Qxe3 Bxc3 13. Qxc3 Qf6 14. Qe3 Nb6 15. Kb1 Re8 16. Qd4 Qxf4 17. Qxd6 1/2-1/2

[Event "HUN-chT2 Asztalos 0607"]
[Site "Hungary"]
[Date "2006.12.17"]
[Round "4"]
[White "Ronga, Attila"]
[Black "Kiss, Viktor"]
[Result "1/2-1/2"]
[WhiteElo "2109"]
[BlackElo "2145"]
[PlyCount "178"]
[EventDate "2006.11.12"]
[EventType "team"]
[EventRounds "11"]
[EventCountry "HUN"]
[SourceTitle "EXT 2008"]
[Source "ChessBase"]
[SourceDate "2007.11.25"]
[SourceVersion "1"]
[SourceVersionDate "2007.11.25"]
[SourceQuality "1"]
[WhiteTeam "Szenna Pack II"]
[BlackTeam "Varga Mafry"]
[WhiteTeamCountry "HUN"]
[BlackTeamCountry "HUN"]

1. e4 c6 2. d4 d5 3. exd5 cxd5 4. Nf3 Nc6 5. h3 g6 6. Bd3 Bg7 7. c3 f6 8. 0-0 e5 9. dxe5 fxe5 10. c4 d4 11. Nbd2 Bf5 12. Ne4 Qd7 13. Bg5 Bxe4 14. Bxe4 Nge7 15. b4 0-0 16. b5 Nd8 17. Re1 Kh8 18. Bd3 Nf7 19. Bxe7 Qxe7 20. Nxd4 Rad8 21. Nb3 Qh4 22. Re4 Qf6 23. Qe2 Ng5 24. Re3 Ne6 25. Be4 Nf4 26. Qf1 b6 27. Rf3 Qh4 28. Re1 Ne6 29. Rxf8+ Rxf8 30. g3 Qf6 31. h4 g5 32. hxg5 Nxg5 33. Bg2 Qf5 34. Nd2 Qc2 35. Re2 Qf5 36. Ne4 Nf3+ 37. Bxf3 Qxf3 38. Re1 Rd8 39. Qe2 Qxe2 40. Rxe2 Rd4 41. c5 bxc5 42. Nxc5 Bf6 43. Rc2 Kg8 44. Kf1 Kf7 45. Ke2 Rb4 46. Nd3 Rxb5 47. Rc7+ Kg6 48. Rxa7 h5 49. Rc7 Ra5 50. Rc2 Kf5 51. f3 e4 52. Rc5+ Rxc5 53. Nxc5 exf3+ 54. Kxf3 Be7 55. Nb3 Ba3 56. Nd4+ Kg6 57. Ne6 Kf5 58. Nf4 Kg5 59. Ng2 Kf5 60. Ne3+ Kg5 61. Nc4 Bc5 62. a4 Bb4 63. Ne3 Ba5 64. Kg2 Bb4 65. Kh3 Be1 66. Nc4 Kf6 67. a5 Ke6 68. a6 Bf2 69. Nd2 Kd5 70. Kg2 Ba7 71. Kf3 Kc6 72. Ne4 Kb6 73. Nf6 Kxa6 74. Nxh5 Bd4 75. Ke4 Bf2 76. g4 Bh4 77. Nf4 Kb7 78. Ng6 Bd8 79. Kf5 Kc6 80. Ke6 Bg5 81. Ne5+ Kc7 82. Kf5 Bd2 83. Ng6 Kd7 84. Nf4 Ke7 85. g5 Bxf4 86. Kxf4 Kf7 87. Kf5 Kg7 88. g6 Kg8 89. Kf6 Kf8 1/2-1/2

[Event "HUN-chT2 Asztalos 0607"]
[Site "Hungary"]
[Date "2006.11.26"]
[Round "2"]
[White "Czibulka, Zoltan"]
[Black "Kiss, Viktor"]
[Result "1/2-1/2"]
[WhiteElo "2166"]
[BlackElo "2145"]
[PlyCount "95"]
[EventDate "2006.11.12"]
[EventType "team"]
[EventRounds "11"]
[EventCountry "HUN"]
[SourceTitle "EXT 2008"]
[Source "ChessBase"]
[SourceDate "2007.11.25"]
[SourceVersion "1"]
[SourceVersionDate "2007.11.25"]
[SourceQuality "1"]
[WhiteTeam "OK Travel"]
[BlackTeam "Varga Mafry"]
[WhiteTeamCountry "HUN"]
[BlackTeamCountry "HUN"]

1. c4 e5 2. Nc3 Nf6 3. g3 c6 4. Bg2 d5 5. cxd5 cxd5 6. d3 h6 7. Qb3 Nc6 8. Nxd5 Nd4 9. Nxf6+ gxf6 10. Qd1 Qc7 11. Kf1 Be6 12. Bd2 Qd7 13. Nf3 Nc6 14. Bc3 Rd8 15. Qa4 Bg7 16. Nd2 0-0 17. Rc1 f5 18. f4 e4 19. Bxg7 Kxg7 20. Rc3 a6 21. Nb3 b5 22. Qxa6 Nb4 23. Qb6 exd3 24. exd3 Nxd3 25. Rc7 Qd6 26. Qxd6 Rxd6 27. Rc2 Re8 28. Bf3 Bxb3 29. axb3 Ne1 30. Re2 Rxe2 31. Bxe2 Nd3 32. Kg2 Nc5 33. Rd1 Re6 34. Bxb5 Nxb3 35. Bc4 Rb6 36. Bxb3 Rxb3 37. Rd2 Kg6 38. Kf2 h5 39. Kg2 h4 40. Kh3 hxg3 41. hxg3 Kh5 42. Rh2 Kg6 43. Kh4 Rb8 44. g4 fxg4 45. Kxg4 f5+ 46. Kg3 Rb3+ 47. Kh4 Rf3 48. Rc2 1/2-1/2